[Event "Xtracon Grand Master 2015"]
[Site "Koge"]
[Date "2015.10.13"]
[Round "2"]
[White "Kirkebaekke, Mark"]
[Black "Pondal, Jesper"]
[Result "0-1"]
[WhiteElo "1759"]
[BlackElo "1953"]
[PlyCount "94"]
[EventDate "2015.??.??"]

1. e4 d6 2. d4 e5 3. dxe5 dxe5 4. Qxd8+ Kxd8 5. Nf3 f6 6. Be3 Be6 7. Nc3 c6 8.
O-O-O+ Kc7 9. Nd2 Bb4 10. a3 Bxc3 11. bxc3 Nd7 12. Nb3 b6 13. c4 c5 14. Be2 Ne7
15. f4 Nc6 16. g4 Nd4 17. Nxd4 cxd4 18. Bd2 Nc5 19. f5 Bf7 20. g5 fxg5 21. Rhg1
Rag8 22. Bf3 g4 23. Bg2 Bxc4 24. Rdf1 Bxf1 25. Rxf1 Rf8 26. Bg5 Nd7 27. Kd2 Nf6
28. a4 Kd6 29. Ra1 Rc8 30. a5 b5 31. a6 Rc3 32. Ra2 Rb8 33. Kd1 Rb6 34. Bd2 Rc4
35. Ba5 Rb8 36. Rb2 Ra4 37. Bb4+ Rxb4 38. Rxb4 Rb6 39. Kd2 Kc5 40. Rb2 Rxa6 41.
c3 dxc3+ 42. Kxc3 Ra4 43. Kd3 a5 44. Ke3 Ra3+ 45. Ke2 b4 46. Rd2 b3 47. Rd8
Ra2+ 0-1

[Event "Xtracon Grand Master 2015"]
[Site "Koge"]
[Date "2015.10.13"]
[Round "2"]
[White "Bue, Gunnar"]
[Black "Anghel, Mihai Ursta"]
[Result "0-1"]
[WhiteElo "1640"]
[BlackElo "1929"]
[PlyCount "52"]
[EventDate "2015.??.??"]

1. d4 g6 2. c4 Bg7 3. Nc3 c5 4. e3 Nf6 5. Nf3 O-O 6. Be2 cxd4 7. exd4 d5 8. c5
Nc6 9. O-O Ne4 10. Be3 e5 11. a3 Nxc3 12. bxc3 e4 13. Nd2 f5 14. Nb3 f4 15. Bc1
Bh3 16. Bg4 Bxg4 17. Qxg4 f3 18. g3 Rf5 19. Bf4 Qf6 20. h4 h6 21. Qh3 g5 22.
hxg5 hxg5 23. Bd6 Kf7 24. g4 Rh8 25. Qxh8 Bxh8 26. gxf5 Qh6 0-1

[Event "Xtracon Grand Master 2015"]
[Site "Koge"]
[Date "2015.10.13"]
[Round "2"]
[White "Bojesen, Villads Ussing"]
[Black "Stage Steffensen, Sander"]
[Result "1-0"]
[WhiteElo "1929"]
[BlackElo "1515"]
[PlyCount "49"]
[EventDate "2015.??.??"]

1. e4 d6 2. d4 Nf6 3. Nc3 e5 4. Nf3 Nbd7 5. Bc4 Be7 6. O-O h6 7. Re1 c6 8. a4
Qc7 9. b3 g5 10. Ba3 g4 11. dxe5 dxe5 12. Bxe7 Kxe7 13. Nh4 Nf8 14. Qe2 Nh5 15.
Nf5+ Bxf5 16. exf5 Nd7 17. Qxg4 Nhf6 18. Qe2 Rhg8 19. f4 Ng4 20. h3 Qb6+ 21.
Kh1 Nf2+ 22. Kh2 Qd4 23. Qe3 Kf6 24. fxe5+ Nxe5 25. Qxd4 1-0

[Event "Xtracon Grand Master 2015"]
[Site "Koge"]
[Date "2015.10.13"]
[Round "2"]
[White "Smidt Nielsen, Henrik"]
[Black "Nielsen, Bjorn"]
[Result "1-0"]
[WhiteElo "1908"]
[BlackElo "1358"]
[PlyCount "101"]
[EventDate "2015.??.??"]

1. e4 e5 2. Nf3 Nc6 3. Bb5 Nf6 4. d3 d6 5. h3 Be7 6. Be3 O-O 7. c3 Bd7 8. Nbd2
a6 9. Ba4 b6 10. O-O a5 11. Nh2 Qe8 12. Bc2 Nd8 13. d4 exd4 14. cxd4 Bb5 15.
Re1 Kh8 16. f4 g6 17. Ndf3 Rg8 18. d5 Bf8 19. Bd4 Bg7 20. Ng4 Nh5 21. Bxg7+
Nxg7 22. Nf6 Qf8 23. Nxg8 Kxg8 24. Kh2 Nb7 25. a4 Ba6 26. Qd2 Nc5 27. Rad1 Re8
28. e5 dxe5 29. fxe5 Bc4 30. Qf4 Bb3 31. Bxb3 Nxb3 32. d6 cxd6 33. Rxd6 Ne6 34.
Qc4 Nbc5 35. Rxb6 Rc8 36. Qb5 Ra8 37. Rc1 Ne4 38. Qd3 N4g5 39. Nxg5 Nxg5 40.
Rbc6 Kg7 41. Qd6 Ne6 42. Qxf8+ Nxf8 43. Rc8 Ra7 44. R8c7 Ra8 45. Rf1 Kh6 46.
Rfxf7 Rb8 47. h4 Kh5 48. Kh3 Rb3+ 49. Rc3 Rb8 50. e6 Nxe6 51. Rxh7# 1-0

[Event "Xtracon Grand Master 2015"]
[Site "Koge"]
[Date "2015.10.13"]
[Round "2"]
[White "Hein, Jacob"]
[Black "Martinez Vestergaard, Kristian"]
[Result "0-1"]
[WhiteElo "1415"]
[BlackElo "1891"]
[PlyCount "66"]
[EventDate "2015.??.??"]

1. c4 Nf6 2. d4 g6 3. Nf3 Bg7 4. Nc3 O-O 5. e4 d6 6. Bg5 c6 7. Qd2 a6 8. Be2
Nbd7 9. Rd1 Qc7 10. Rc1 e5 11. c5 dxc5 12. dxe5 Nxe5 13. Bf4 Nxf3+ 14. Bxf3 Qa5
15. O-O Rd8 16. Bd6 Be6 17. Qf4 Ne8 18. e5 Nxd6 19. exd6 c4 20. Rfe1 Rd7 21. a3
Rad8 22. Ne4 Be5 23. Qh4 Kg7 24. Ng5 h6 25. Nxe6+ fxe6 26. Qxc4 Rxd6 27. Rcd1
Rxd1 28. Rxd1 Rxd1+ 29. Bxd1 Qe1+ 30. Qf1 Bxh2+ 31. Kh1 Qxf1+ 32. Kxh2 Qxd1 33.
Kg3 Kf6 0-1

[Event "Xtracon Grand Master 2015"]
[Site "Koge"]
[Date "2015.10.13"]
[Round "2"]
[White "Wang, Peter"]
[Black "Stage Steffensen, Theo"]
[Result "1-0"]
[WhiteElo "1888"]
[BlackElo "1033"]
[PlyCount "81"]
[EventDate "2015.??.??"]

1. e4 d6 2. d4 Nf6 3. Nc3 c6 4. Bc4 Nbd7 5. f4 b5 6. Bd3 e5 7. Nf3 exd4 8. Nxd4
c5 9. Ndxb5 Nb6 10. Na3 Qc7 11. Qe2 Bg4 12. Bb5+ Kd8 13. Qe3 c4 14. h3 Bc8 15.
Qe2 a6 16. Bxc4 Nxc4 17. Qxc4 Qxc4 18. Nxc4 Be7 19. Be3 Be6 20. Nb6 Rb8 21. f5
Bd7 22. O-O-O Bc6 23. e5 Ne4 24. Ncd5 Ng3 25. f6 gxf6 26. exf6 Bf8 27. Rhe1 Nf5
28. Bf4 Nh4 29. Re2 Bb5 30. c4 Bc6 31. a4 Rg8 32. g4 Ng6 33. Bd2 Ne5 34. Ba5
Bxd5 35. Rxd5 Nc6 36. b4 Nxb4 37. Bxb4 Rxb6 38. Ba5 Kc7 39. Bxb6+ Kxb6 40. g5
a5 41. h4 1-0

[Event "Xtracon Grand Master 2015"]
[Site "Koge"]
[Date "2015.10.13"]
[Round "2"]
[White "Schjolin, John"]
[Black "Larsen, Preben R"]
[Result "0-1"]
[WhiteElo "1285"]
[BlackElo "1844"]
[PlyCount "96"]
[EventDate "2015.??.??"]

1. e4 c5 2. c4 Nc6 3. Nf3 d6 4. Nc3 Bg4 5. Be2 Nf6 6. a3 e6 7. b3 Be7 8. d4
Bxf3 9. Bxf3 Nxd4 10. O-O O-O 11. Be3 Nxf3+ 12. Qxf3 Nd7 13. Rfd1 a6 14. Qe2
Qc7 15. Bf4 Rad8 16. Rd3 Ne5 17. Rg3 Ng6 18. Bg5 Bxg5 19. Rxg5 Qe7 20. Rg3 f5
21. Rd1 f4 22. Rh3 Qf6 23. Rdd3 Ne5 24. Rd2 f3 25. gxf3 Nxf3+ 26. Rxf3 Qxf3 27.
Rd3 Qxe2 28. Nxe2 Rf7 29. Kg2 b5 30. a4 bxa4 31. bxa4 Rb7 32. a5 Rb4 33. Rc3
Ra4 34. Nf4 Kf7 35. h3 Rb8 36. Nd3 Rxa5 37. e5 Ke7 38. exd6+ Kxd6 39. Nf4 Ra4
40. Re3 Rxc4 41. Nxe6 Re8 42. Nxg7 Rxe3 43. Nf5+ Ke6 44. Nxe3 Rc1 45. Kh2 c4
46. Kg2 c3 47. Nc4 c2 48. Na3 Rg1+ 0-1

[Event "Xtracon Grand Master 2015"]
[Site "Koge"]
[Date "2015.10.14"]
[Round "3"]
[White "Chatalbashev, Boris"]
[Black "Bekker Jensen, Simon"]
[Result "1-0"]
[WhiteElo "2550"]
[BlackElo "2438"]
[PlyCount "113"]
[EventDate "2015.??.??"]

1. d4 Nf6 2. Nf3 g6 3. Nbd2 Bg7 4. e4 d6 5. Bd3 O-O 6. O-O Nbd7 7. Re1 e5 8. c3
Re8 9. h3 b6 10. a4 a6 11. b4 Bb7 12. Qb3 d5 13. dxe5 Nxe4 14. Nxe4 dxe4 15.
Bg5 Qc8 16. Bxe4 Bxe4 17. Rxe4 Nxe5 18. Nxe5 Bxe5 19. Rae1 Qf5 20. Bf4 Qxf4 21.
Rxf4 Bxf4 22. Rxe8+ Rxe8 23. g3 Re1+ 24. Kg2 Bd6 25. Qc4 a5 26. bxa5 bxa5 27.
Qa6 Re5 28. f4 Rc5 29. c4 g5 30. Kf3 gxf4 31. gxf4 Kg7 32. Ke4 h6 33. Kd4 Rf5
34. Kd3 Rh5 35. Qc8 Kf6 36. Qh8+ Kg6 37. Qc8 Kf6 38. Ke4 Rc5 39. Qh8+ Kg6 40.
Qc3 Rh5 41. Qf3 Rh4 42. Qg3+ Kh5 43. Qg7 Rxf4+ 44. Ke3 f5 45. c5 Re4+ 46. Kf3
Bxc5 47. Qf6 Re3+ 48. Kf4 Re4+ 49. Kxf5 Rb4 50. Qg6+ Kh4 51. Qxh6+ Kg3 52. Qg7+
Kh4 53. Qh7+ Kg3 54. Qxc7+ Kxh3 55. Qxc5 Rxa4 56. Qc3+ Kh4 57. Qc2 1-0

[Event "Xtracon Grand Master 2015"]
[Site "Koge"]
[Date "2015.10.14"]
[Round "3"]
[White "Hagen, Andreas Skytte"]
[Black "Rozentalis, Eduardas"]
[Result "0-1"]
[WhiteElo "2396"]
[BlackElo "2541"]
[PlyCount "56"]
[EventDate "2015.??.??"]

1. d4 Nf6 2. c4 e6 3. Nf3 Nc6 4. g3 Bb4+ 5. Bd2 Bxd2+ 6. Qxd2 d6 7. Nc3 O-O 8.
Rd1 a6 9. Bg2 Rb8 10. d5 Ne7 11. dxe6 Bxe6 12. b3 b5 13. Nd4 Bd7 14. Nd5 Ng4
15. O-O bxc4 16. bxc4 Re8 17. Qc2 c5 18. Nb3 Nxd5 19. Bxd5 Qf6 20. Qd2 Ba4 21.
h3 Ne5 22. f4 Nd7 23. Rf3 Nb6 24. Kf2 Bd7 25. g4 Qh4+ 26. Kg2 Nxd5 27. cxd5 h5
28. g5 Bxh3+ 0-1

[Event "Xtracon Grand Master 2015"]
[Site "Koge"]
[Date "2015.10.14"]
[Round "3"]
[White "Maiorov, Nikita"]
[Black "Hoi, Carsten"]
[Result "1-0"]
[WhiteElo "2538"]
[BlackElo "2377"]
[PlyCount "49"]
[EventDate "2015.??.??"]

1. d4 g6 2. Nf3 Bg7 3. g3 Nf6 4. c4 O-O 5. Bg2 d6 6. O-O Nc6 7. d5 Na5 8. Nfd2
c5 9. a3 b6 10. b4 Nb7 11. Bb2 h5 12. Nc3 h4 13. gxh4 Bf5 14. b5 Na5 15. e4 Bg4
16. f3 Bd7 17. Qc2 Bh6 18. f4 Nh5 19. Ne2 Bg4 20. Bf3 Qd7 21. f5 Bh3 22. Rfd1
Kh7 23. Kh1 Nf4 24. Rg1 Nxe2 25. Bxe2 1-0

[Event "Xtracon Grand Master 2015"]
[Site "Koge"]
[Date "2015.10.14"]
[Round "3"]
[White "Danielsen, Henrik"]
[Black "Jacobsen, Mikkel Manosri"]
[Result "1-0"]
[WhiteElo "2509"]
[BlackElo "2331"]
[PlyCount "83"]
[EventDate "2015.??.??"]

1. e4 c6 2. Nf3 d5 3. d3 dxe4 4. dxe4 Qxd1+ 5. Kxd1 g6 6. Bc4 Bg7 7. h3 Nd7 8.
Re1 b5 9. Bb3 e6 10. c3 Bb7 11. Be3 c5 12. Nbd2 Ne7 13. a4 a6 14. Bc2 O-O 15.
Nb3 Rfd8 16. Ke2 c4 17. Na5 Rab8 18. Ba7 Ba8 19. Bxb8 Rxb8 20. axb5 axb5 21.
Ra2 f5 22. Kf1 Nc5 23. exf5 Nxf5 24. Ne5 Bxe5 25. Rxe5 Rc8 26. Nxc4 bxc4 27.
Bxf5 exf5 28. Rxa8 Rxa8 29. Rxc5 Rb8 30. Rxc4 Rxb2 31. Rc7 Rc2 32. g3 Kf8 33.
h4 Ke8 34. Kg2 Kd8 35. Rxh7 Rxc3 36. Rh6 Rc6 37. h5 Ke7 38. Rxg6 Rxg6 39. hxg6
Kf6 40. Kf3 Kxg6 41. Kf4 Kf6 42. f3 1-0

[Event "Xtracon Grand Master 2015"]
[Site "Koge"]
[Date "2015.10.14"]
[Round "3"]
[White "Andreasen, Henrik"]
[Black "Miezis, Normunds"]
[Result "0-1"]
[WhiteElo "2219"]
[BlackElo "2494"]
[PlyCount "88"]
[EventDate "2015.??.??"]

1. d4 e6 2. c4 b6 3. Nf3 Bb7 4. Bf4 Nf6 5. e3 Ne4 6. Bd3 f5 7. Nc3 Be7 8. Qc2
Nxc3 9. Qxc3 O-O 10. h4 c5 11. O-O-O Bxf3 12. gxf3 cxd4 13. exd4 Bf6 14. Be5
Nc6 15. f4 Rc8 16. Kb1 d6 17. Bxf6 Qxf6 18. Be2 Na5 19. b3 d5 20. Qb4 dxc4 21.
Bxc4 Nxc4 22. bxc4 Qh6 23. Rhe1 Qxf4 24. Rxe6 Qxh4 25. f3 Rc7 26. Qd6 Rcf7 27.
Rde1 h6 28. Qe5 Kh7 29. f4 Qg3 30. Re3 Qf2 31. Re2 Qf3 32. Qe3 Qxe3 33. R6xe3
Rc8 34. Rc2 Rfc7 35. Rec3 Re8 36. d5 Re4 37. d6 Rd7 38. Rd2 Rxf4 39. c5 bxc5
40. Rxc5 Rb4+ 41. Kc2 Rb6 42. Rcd5 Kg6 43. Kc3 Rc6+ 44. Kb4 a6 0-1

[Event "Xtracon Grand Master 2015"]
[Site "Koge"]
[Date "2015.10.14"]
[Round "3"]
[White "Antonsen, Mikkel"]
[Black "Percivaldi, Martin"]
[Result "1/2-1/2"]
[WhiteElo "2459"]
[BlackElo "2246"]
[PlyCount "109"]
[EventDate "2015.??.??"]

1. d4 d5 2. c4 c6 3. Nf3 Nf6 4. e3 g6 5. Nc3 Bg7 6. Be2 O-O 7. O-O Be6 8. b3
Ne4 9. Bb2 Nd7 10. Rc1 Nxc3 11. Bxc3 Nf6 12. Bb2 Ne4 13. Ne5 f5 14. Rc2 dxc4
15. Nxc4 c5 16. f3 Nd6 17. dxc5 Nxc4 18. Bxc4 Bxc4 19. bxc4 Qc7 20. Qd5+ Kh8
21. Bxg7+ Kxg7 22. Rb2 Rab8 23. Qd4+ Kf7 24. Qd5+ e6 25. Qd6 Qxd6 26. cxd6 b6
27. Rd1 Ke8 28. c5 Kd7 29. c6+ Kxc6 30. Rc2+ Kb5 31. Rc7 Rfd8 32. Rxh7 a5 33.
h4 Kb4 34. Re7 Ka3 35. Rd2 b5 36. Rxe6 a4 37. Rxg6 b4 38. d7 Rb7 39. Rgd6 b3
40. axb3 axb3 41. Ra6+ Kb4 42. Rd4+ Kc3 43. Rc6+ Kb2 44. Kf2 Ka2 45. Ra6+ Kb1
46. Raa4 b2 47. Rab4 Rdxd7 48. h5 Rxd4 49. Rxb7 Rh4 50. f4 Kc2 51. Rc7+ Kd2 52.
Rd7+ Kc2 53. Rc7+ Kd2 54. Rb7 Kc2 55. Rc7+ 1/2-1/2

[Event "Xtracon Grand Master 2015"]
[Site "Koge"]
[Date "2015.10.14"]
[Round "3"]
[White "Andersen, Rune"]
[Black "Okhotnik, Vladimir"]
[Result "0-1"]
[WhiteElo "2103"]
[BlackElo "2448"]
[PlyCount "62"]
[EventDate "2015.??.??"]

1. d4 Nf6 2. Nf3 g6 3. Bg5 Bg7 4. Nbd2 d6 5. e4 h6 6. Bxf6 Bxf6 7. c3 Nd7 8.
Bc4 e6 9. Qe2 Bg7 10. O-O e5 11. Bb3 O-O 12. Rad1 Qe7 13. dxe5 dxe5 14. Rfe1
Nc5 15. Bc4 a5 16. Nb3 Ne6 17. Qe3 a4 18. Bxe6 Qxe6 19. Nc5 Qb6 20. h3 Qxb2 21.
Rb1 Qa3 22. Nxb7 Bxb7 23. Rxb7 Qxa2 24. Qc5 a3 25. Nxe5 Qc2 26. Rbb1 a2 27. Ra1
Rfb8 28. Qxc7 Bxe5 29. Qxe5 Rb1 30. c4 Rxe1+ 31. Rxe1 Qb1 0-1

[Event "Xtracon Grand Master 2015"]
[Site "Koge"]
[Date "2015.10.14"]
[Round "3"]
[White "Doluhanova, Evgeniya"]
[Black "Korneev, Oleg"]
[Result "1/2-1/2"]
[WhiteElo "2216"]
[BlackElo "2594"]
[PlyCount "112"]
[EventDate "2015.??.??"]

1. e4 c5 2. Nf3 Nc6 3. d4 cxd4 4. Nxd4 Nf6 5. Nc3 d6 6. Be2 g6 7. O-O Bg7 8.
Be3 O-O 9. h3 Bd7 10. Qd2 Rc8 11. Rad1 a6 12. f4 b5 13. a3 Re8 14. Nb3 Be6 15.
Nd4 Nxd4 16. Bxd4 Bc4 17. Qe3 Qc7 18. Bxc4 Qxc4 19. e5 Nd5 20. Nxd5 Qxd5 21. c3
Qc4 22. exd6 exd6 23. Qd3 Re2 24. Qxc4 Rxc4 25. Bxg7 Kxg7 26. Rf2 Rxf2 27. Kxf2
Rxf4+ 28. Ke3 Rf6 29. a4 Re6+ 30. Kd3 Re5 31. Ra1 h5 32. axb5 axb5 33. b4 Rd5+
34. Ke3 Kf6 35. Ra5 Ke6 36. h4 g5 37. hxg5 Rxg5 38. c4 Re5+ 39. Kd4 bxc4 40.
Kxc4 d5+ 41. Kc5 Re2 42. b5 Rxg2 43. b6 Rc2+ 44. Kb5 Kd6 45. Ra8 Rb2+ 46. Ka6
Kc5 47. Rc8+ Kd4 48. Rf8 f5 49. Rxf5 Kc5 50. Rf6 h4 51. Kb7 h3 52. Kc7 d4 53.
Rh6 h2 54. b7 d3 55. Rh5+ Kc4 56. Rxh2 Rxb7+ 1/2-1/2

[Event "Xtracon Grand Master 2015"]
[Site "Koge"]
[Date "2015.10.14"]
[Round "3"]
[White "Schou Moldt, Thomas"]
[Black "Kristiansen, Jens"]
[Result "1/2-1/2"]
[WhiteElo "2144"]
[BlackElo "2431"]
[PlyCount "81"]
[EventDate "2015.??.??"]

1. e4 c5 2. Nf3 d6 3. d4 cxd4 4. Nxd4 Nf6 5. Nc3 e6 6. Bg5 Be7 7. Qd2 a6 8. f3
Nc6 9. Be3 d5 10. exd5 Nxd5 11. Nxd5 Qxd5 12. Nxc6 Qxc6 13. Bd3 O-O 14. Be4 Qc7
15. f4 Rd8 16. Qe2 Bd7 17. O-O-O Bb5 18. Bd3 Bc6 19. Rhf1 Bd5 20. Kb1 b5 21.
Qf2 Qa5 22. b3 Bf6 23. Bd2 Qc7 24. g4 g6 25. Rde1 Rac8 26. f5 Bxb3 27. cxb3
Rxd3 28. Rc1 Bc3 29. Rxc3 Rxc3 30. fxg6 fxg6 31. Qf6 Rd3 32. Qxe6+ Kg7 33. Rc1
Qd7 34. Qxd7+ Rxd7 35. Rxc8 Rxd2 36. Rc2 Rd4 37. h3 Rd3 38. Rc6 Rxh3 39. Rxa6
Rg3 40. Ra7+ Kg8 41. Ra8+ 1/2-1/2

[Event "Xtracon Grand Master 2015"]
[Site "Koge"]
[Date "2015.10.14"]
[Round "3"]
[White "Hartung Nielsen, Jens"]
[Black "Ahlander, Bjorn"]
[Result "0-1"]
[WhiteElo "2183"]
[BlackElo "2378"]
[PlyCount "62"]
[EventDate "2015.??.??"]

1. e4 c5 2. d4 cxd4 3. c3 d3 4. Bxd3 Nc6 5. c4 g6 6. Nf3 Bg7 7. O-O d6 8. h3
Nf6 9. Nc3 O-O 10. Be3 b6 11. Rc1 Bb7 12. a3 Rc8 13. Nd2 e6 14. Be2 Qe7 15. b4
Rfd8 16. Qb3 Nd7 17. Nf3 Nde5 18. Rfd1 f5 19. Nxe5 dxe5 20. f3 Nd4 21. Qa2 Bf6
22. Bf2 Bh4 23. Bd3 Qg5 24. Kf1 Nxf3 25. gxf3 Rxd3 26. Qe2 Bxf2 27. Kxf2 Qh4+
28. Kg2 fxe4 29. Nxe4 Rxf3 30. Kxf3 Qf4+ 31. Kg2 Bxe4+ 0-1

[Event "Xtracon Grand Master 2015"]
[Site "Koge"]
[Date "2015.10.14"]
[Round "3"]
[White "Fier, Alexandr"]
[Black "Lauritsen, Niels"]
[Result "1-0"]
[WhiteElo "2624"]
[BlackElo "2109"]
[PlyCount "61"]
[EventDate "2015.??.??"]

1. d4 d5 2. c4 c6 3. Nc3 Nf6 4. e3 g6 5. Nf3 Bg7 6. Be2 O-O 7. O-O Bg4 8. cxd5
cxd5 9. Qb3 b6 10. h3 Bxf3 11. Bxf3 e6 12. Bd2 Nc6 13. Be2 e5 14. dxe5 Nxe5 15.
Rfd1 Qd7 16. Be1 Rad8 17. Nxd5 Nxd5 18. e4 Nf4 19. Rxd7 Nxe2+ 20. Kf1 Rxd7 21.
Kxe2 Rfd8 22. Kf1 Nd3 23. Rd1 Bf6 24. Qb5 Rd6 25. Bc3 Bxc3 26. bxc3 R6d7 27.
Qg5 Kg7 28. e5 Re8 29. f4 Nxe5 30. Re1 f6 31. Qg3 1-0

[Event "Xtracon Grand Master 2015"]
[Site "Koge"]
[Date "2015.10.14"]
[Round "3"]
[White "Lauritsen, Martin Lee"]
[Black "Blomqvist, Erik"]
[Result "0-1"]
[WhiteElo "2097"]
[BlackElo "2530"]
[PlyCount "54"]
[EventDate "2015.??.??"]

1. e4 c5 2. Nf3 e6 3. d4 cxd4 4. Nxd4 a6 5. Bd3 g6 6. O-O Bg7 7. Nb3 Nc6 8. c4
Nge7 9. Nc3 O-O 10. Bf4 d5 11. cxd5 exd5 12. exd5 Nxd5 13. Nxd5 Qxd5 14. Qe2 a5
15. Rad1 a4 16. Nc1 Qd4 17. Bc4 Qxb2 18. Rd2 Qf6 19. Be3 Re8 20. Bd5 Be6 21.
Qb5 Ra5 22. Qc4 Ne5 23. Qe4 Bxd5 24. Rxd5 Nf3+ 25. gxf3 Rxe4 26. fxe4 Rxd5 27.
exd5 Qf5 0-1

[Event "Xtracon Grand Master 2015"]
[Site "Koge"]
[Date "2015.10.14"]
[Round "3"]
[White "Hansen, Lars Henrik Bech"]
[Black "Nielsen, Rogvi Egilstoft"]
[Result "0-1"]
[WhiteElo "1956"]
[BlackElo "2301"]
[PlyCount "74"]
[EventDate "2015.??.??"]

1. e4 b6 2. d4 Bb7 3. Nc3 e6 4. Nf3 Bb4 5. Bd3 Nf6 6. Qe2 d5 7. exd5 Qxd5 8.
O-O Bxc3 9. bxc3 O-O 10. Qe5 Rc8 11. c4 Qxe5 12. Nxe5 c5 13. c3 Nc6 14. Nxc6
Bxc6 15. Be3 Bb7 16. Rac1 Ba6 17. Rfd1 Rc7 18. Bf4 Rd7 19. Be3 Rc8 20. f3 h6
21. Kf2 Kf8 22. g4 Ne8 23. Be2 Ke7 24. dxc5 Rxd1 25. Rxd1 bxc5 26. Rb1 Nd6 27.
Bf4 f6 28. Rb3 e5 29. Be3 Ke6 30. Ra3 Bxc4 31. Bxc4+ Nxc4 32. Rxa7 g5 33. Ra6+
Kd5 34. Rxf6 Ra8 35. Bxc5 Rxa2+ 36. Kg3 Kxc5 37. Rxh6 Ne3 0-1

[Event "Xtracon Grand Master 2015"]
[Site "Koge"]
[Date "2015.10.14"]
[Round "3"]
[White "Bekker Jensen, David"]
[Black "Moe, Mogens"]
[Result "1-0"]
[WhiteElo "2287"]
[BlackElo "2082"]
[PlyCount "89"]
[EventDate "2015.??.??"]

1. d4 Nf6 2. c4 g6 3. g3 Bg7 4. Bg2 d5 5. cxd5 Nxd5 6. e4 Nb4 7. a3 N4a6 8. Ne2
c5 9. d5 Nd7 10. Nec3 Qa5 11. O-O O-O 12. Nd2 b5 13. a4 Nc7 14. axb5 Qb4 15.
Ra4 Bxc3 16. Rxb4 Bxb4 17. Nc4 Nxb5 18. e5 Bb7 19. Bh3 Nb6 20. Nxb6 axb6 21.
Bg5 Nd4 22. Bxe7 Rfe8 23. Bf6 Bxd5 24. Bg2 Bb3 25. Qg4 Ra2 26. Qh4 Nf5 27. Qf4
Rxb2 28. e6 Re2 29. Bc6 R2xe6 30. Bxe8 Rxe8 31. g4 Ng7 32. Bb2 Re6 33. Ra1 Ne8
34. h3 Bd5 35. Rd1 Bc6 36. Kh2 b5 37. Rd8 c4 38. Qd4 f6 39. f3 Kf7 40. Kg2 Re2+
41. Kf1 Re1+ 42. Kf2 Re5 43. Ba3 Be1+ 44. Kf1 c3 45. Qb4 1-0

[Event "Xtracon Grand Master 2015"]
[Site "Koge"]
[Date "2015.10.14"]
[Round "3"]
[White "Eriksson, Christian Altenburg"]
[Black "Larsen, Ulrik"]
[Result "1/2-1/2"]
[WhiteElo "2215"]
[BlackElo "1996"]
[PlyCount "132"]
[EventDate "2015.??.??"]

1. e4 e5 2. Nf3 Nc6 3. d4 exd4 4. Nxd4 Nf6 5. Nc3 Bb4 6. Nxc6 bxc6 7. Bd3 O-O
8. O-O d5 9. exd5 cxd5 10. Bg5 c6 11. Qf3 Be7 12. h3 Rb8 13. b3 h6 14. Bf4 Bd6
15. Ne2 c5 16. Ng3 Bxf4 17. Qxf4 Rb4 18. c4 Be6 19. Rfd1 d4 20. Qe5 Nd7 21. Qe4
Nf6 22. Qe5 Nd7 23. Qe2 Re8 24. Qh5 Nf6 25. Qxc5 Rb6 26. Re1 Qd7 27. Nh5 Nxh5
28. Qxh5 Rc8 29. Qf3 a5 30. Bc2 Rd6 31. Rad1 g6 32. Rd2 Rc5 33. Red1 Rg5 34.
Kh1 Rh5 35. Kh2 Bg4 36. Qg3 Bxd1 37. Rxd1 Qe6 38. Bd3 Qe5 39. f4 Qf6 40. f5 Kg7
41. Rf1 Rg5 42. Qf4 gxf5 43. Bxf5 d3 44. g4 d2 45. Rd1 Rd4 46. Qb8 h5 47. Qg3
hxg4 48. hxg4 Qh6+ 49. Qh3 Qxh3+ 50. Kxh3 Kf6 51. Kg3 Ke5 52. a3 Rg8 53. b4
axb4 54. axb4 Rgd8 55. c5 Rxb4 56. c6 Rc4 57. Bd7 Rd4 58. Kf3 R4xd7 59. cxd7
Rxd7 60. Ke3 f6 61. Kf3 Rd4 62. Ke3 Re4+ 63. Kf3 Rd4 64. Ke3 Rxg4 65. Rxd2 f5
66. Kf3 Rc4 1/2-1/2

[Event "Xtracon Grand Master 2015"]
[Site "Koge"]
[Date "2015.10.14"]
[Round "3"]
[White "Pedersen, Jan Nordenbaek"]
[Black "Smidt Nielsen, Henrik"]
[Result "1-0"]
[WhiteElo "2196"]
[BlackElo "1908"]
[PlyCount "55"]
[EventDate "2015.??.??"]

1. e4 c5 2. Nf3 Nc6 3. Nc3 e6 4. d4 cxd4 5. Nxd4 Qc7 6. Be3 a6 7. Bd3 Nf6 8.
O-O Nxd4 9. Bxd4 e5 10. Be3 d6 11. Bg5 Be6 12. Bxf6 gxf6 13. Nd5 Bxd5 14. exd5
O-O-O 15. a4 h5 16. a5 Rg8 17. b4 Kb8 18. Qxh5 Rg5 19. Qf3 Be7 20. b5 Rdg8 21.
g3 Qc5 22. bxa6 bxa6 23. Rab1+ Ka7 24. Rb6 Qxa5 25. Rxa6+ Qxa6 26. Bxa6 Kxa6
27. Qb3 Bd8 28. Rb1 1-0

[Event "Xtracon Grand Master 2015"]
[Site "Koge"]
[Date "2015.10.14"]
[Round "3"]
[White "Martinez Vestergaard, Kristian"]
[Black "Pedersen, Hans Dahl"]
[Result "0-1"]
[WhiteElo "1891"]
[BlackElo "2187"]
[PlyCount "130"]
[EventDate "2015.??.??"]

1. e4 c5 2. Nf3 e6 3. d4 cxd4 4. Nxd4 a6 5. Bd3 Bc5 6. Nb3 Be7 7. O-O Qc7 8.
Qe2 d6 9. c4 Nf6 10. Nc3 O-O 11. Be3 Nbd7 12. f4 b6 13. g4 Nc5 14. Nxc5 bxc5
15. g5 Nd7 16. Rf3 Bb7 17. Rh3 g6 18. Qf2 f5 19. exf5 exf5 20. Be2 Nb6 21. Rd1
Rfe8 22. b3 Bf8 23. Bc1 Bg7 24. Rdd3 Re7 25. Bf3 Bxf3 26. Qxf3 Rae8 27. Nd5
Re1+ 28. Kg2 Nxd5 29. Qxd5+ Qf7 30. Qxf7+ Kxf7 31. Bd2 R1e2+ 32. Kf3 Bd4 33.
Kg3 Kg8 34. a4 a5 35. Bxa5 Rb2 36. Rd2 Rxb3+ 37. Kg2 Rxh3 38. Kxh3 Ra8 39. Bc7
Rxa4 40. Bxd6 Rxc4 41. Ra2 Kf7 42. Ra7+ Ke6 43. Bf8 Rc3+ 44. Kg2 Rc2+ 45. Kg3
Rc3+ 46. Kg2 Be3 47. Kf3 Bc1+ 48. Kg2 Bxf4 49. Re7+ Kd5 50. h4 Be5 51. Rxe5+
Kxe5 52. Bg7+ Ke4 53. Bxc3 Kd3 54. Ba5 Ke2 55. Kg1 c4 56. Bc7 c3 57. Bf4 c2 58.
Kg2 Kd1 59. Kf3 c1=Q 60. Bxc1 Kxc1 61. Ke2 Kc2 62. Ke3 Kc3 63. Kf3 Kd3 64. Kg3
Ke3 65. h5 f4+ 0-1

[Event "Xtracon Grand Master 2015"]
[Site "Koge"]
[Date "2015.10.14"]
[Round "3"]
[White "Tolba, Henri"]
[Black "Molvig, Henrik"]
[Result "0-1"]
[WhiteElo "1717"]
[BlackElo "2125"]
[PlyCount "76"]
[EventDate "2015.??.??"]

1. d4 Nf6 2. Nf3 g6 3. g3 Bg7 4. Bg2 O-O 5. O-O d6 6. c4 Nc6 7. Nc3 a6 8. Re1
Rb8 9. a4 Na5 10. Nd2 c5 11. d5 Bd7 12. e4 e5 13. Rb1 b5 14. axb5 axb5 15. Nxb5
Nxc4 16. Nxc4 Bxb5 17. Ne3 Qd7 18. b3 Rb7 19. Qc2 Ra8 20. h3 Qc7 21. Bd2 Rba7
22. Nc4 Nd7 23. Qc1 Bf8 24. Qc2 Nb6 25. Qc1 Ra2 26. Nxb6 Qxb6 27. Bf1 Bxf1 28.
Rxf1 R8a3 29. Be3 Rxb3 30. Rxb3 Qxb3 31. h4 Ra4 32. Qb1 Qxb1 33. Rxb1 Rxe4 34.
Rb8 Kg7 35. h5 gxh5 36. Bh6+ Kxh6 37. Rxf8 Rd4 38. Rxf7 Rxd5 0-1

[Event "Xtracon Grand Master 2015"]
[Site "Koge"]
[Date "2015.10.14"]
[Round "3"]
[White "Bruun, Henrik Emil"]
[Black "Wang, Peter"]
[Result "1/2-1/2"]
[WhiteElo "2115"]
[BlackElo "1888"]
[PlyCount "96"]
[EventDate "2015.??.??"]

1. e4 e6 2. d4 d5 3. e5 c5 4. c3 Nc6 5. Nf3 a6 6. Bd3 Bd7 7. O-O c4 8. Bc2 Be7
9. Re1 b5 10. Be3 h5 11. b3 Nh6 12. Bxh6 Rxh6 13. a4 Rh8 14. axb5 axb5 15. Nbd2
Kf8 16. b4 g6 17. Qe2 Kg7 18. g3 Rxa1 19. Rxa1 h4 20. g4 Bg5 21. h3 Bf4 22. Nf1
f5 23. Ne3 Qe7 24. Kh1 Bxe3 25. Qxe3 fxg4 26. hxg4 h3 27. Nh2 Qh4 28. Rg1 Ra8
29. Nf3 Qh6 30. Qxh6+ Kxh6 31. Rg3 Kg7 32. Rxh3 Ra1+ 33. Kg2 Rc1 34. Ng5 Be8
35. Nxe6+ Kf7 36. Bxg6+ Kxg6 37. Nf4+ Kg5 38. Nxd5 Nxd4 39. f4+ Kxg4 40. Nf6+
Kxf4 41. cxd4 Rc2+ 42. Kf1 Bf7 43. Ke1 Be6 44. Rh4+ Ke3 45. Re4+ Kd3 46. Rf4
Ke3 47. Re4+ Kd3 48. Rh4 Ke3 1/2-1/2